Didáctica de la lengua y la literatura para primaria / Antonio Mendoza Fillala (Coordinador) (Registro nro. 7311)
[ vista simple ]
| 000 -LEADER | |
|---|---|
| fixed length control field | 00604nam a22002051a 4500 |
| 001 - CONTROL NUMBER | |
| control field | 7311 |
| 003 - CONTROL NUMBER IDENTIFIER | |
| control field | OSt |
| 005 - DATE AND TIME OF LATEST TRANSACTION | |
| control field | 20260204212126.0 |
| 008 - FIXED-LENGTH DATA ELEMENTS--GENERAL INFORMATION | |
| fixed length control field | 071011s2003||||sp ||||||b||||||||||spa|| |
| 020 ## - NUMERO DE LIBRO INTERNACIONAL NORMALIZADO | |
| International Standard Book Number | 8420534552 |
| 050 ## - LIBRARY OF CONGRESS CALL NUMBER | |
| Classification number | 371.102 M523d |
| 100 ## - ASIENTO PRINCIPAL -- NOMBRE PERSONAL | |
| Personal name | Mendoza Fillala, Antonio |
| 245 ## - TÍTULO PROPIAMENTE DICHO: SUBTÍTULO | |
| Title | Didáctica de la lengua y la literatura para primaria / Antonio Mendoza Fillala (Coordinador) |
| 264 ## - PRODUCTION, PUBLICATION, DISTRIBUTION, MANUFACTURE, AND COPYRIGHT NOTICE | |
| Place of production, publication, distribution, manufacture | España : Pearson Educación |
| 300 ## - PHYSICAL DESCRIPTION | |
| Extensión | 572 p |
| 490 ## - MENCIÓN DE SERIE | |
| Series statement | Colección didáctica priomaria |
| 500 ## - GENERAL NOTE | |
| General note | Incluye bibliografía |
| 650 ## - ASIENTO SECUNDARIO DE MATERIA -- TERMINO TEMÁTICO | |
| Termino Temático Como Elemento de Entrada | Didáctica 2.Lengua y LiteraturaÌ |
| 942 ## - ADDED ENTRY ELEMENTS (KOHA) | |
| Source of classification or shelving scheme | Dewey Decimal Classification |
| Koha item type | Libros |
| Withdrawn status | Lost status | Source of classification or shelving scheme | Damaged status | Not for loan | Current library | Date acquired | Total Checkouts | Full call number | Barcode | Date last seen | Price effective from | Koha item type |
|---|---|---|---|---|---|---|---|---|---|---|---|---|
| Dewey Decimal Classification | Biblioteca UTECO | 09/09/2019 | 371.102 M523D | 013365 | 09/09/2019 | 09/09/2019 | Libros | |||||
| Dewey Decimal Classification | Biblioteca UTECO | 09/09/2019 | 371.102 M523D | 013366 | 09/09/2019 | 09/09/2019 | Libros | |||||
| Dewey Decimal Classification | Biblioteca UTECO | 09/09/2019 | 371.102 M523D | 013367 | 09/09/2019 | 09/09/2019 | Libros |
